[Event "Alcudia Belleuve"]
[Site "Alcudia"]
[Date "2012.10.14"]
[Round "1.9"]
[White "Contreras Cabot, Marc"]
[Black "Nadal Marti, Bernardo Pedro"]
[Result "1-0"]
[WhiteElo "1805"]
[BlackElo "1966"]
[PlyCount "97"]
[EventDate "2012.10.14"]
[EventType "swiss"]
[EventRounds "9"]
[EventCountry "ESP"]
[SourceTitle "EXT 2024"]
[Source "ChessBase"]
[SourceDate "2023.10.10"]
[SourceVersion "1"]
[SourceVersionDate "2023.10.10"]
[SourceQuality "1"]

1. e4 c6 2. d4 d5 3. Nd2 dxe4 4. Nxe4 Bf5 5. Ng3 Bg6 6. Nf3 Nd7 7. h4 h6 8. h5 Bh7 9. Bd3 Bxd3 10. Qxd3 Qc7 11. b3 Ngf6 12. Bb2 e6 13. 0-0-0 0-0-0 14. Kb1 Nd5 15. Ne5 N7f6 16. c4 Nb4 17. Qc3 c5 18. dxc5 Bxc5 19. a3 Nc6 20. Nxc6 Qxc6 21. f3 Rd6 22. Qc2 Rhd8 23. Rxd6 Qxd6 24. Bxf6 gxf6 25. Ne4 Qd4 26. Nxc5 Qxc5 27. b4 Qe3 28. Rd1 Rxd1+ 29. Qxd1 Qxa3 30. Qd6 Qb3+ 31. Ka1 Qa4+ 32. Kb2 Qe8 33. b5 Qd8 34. Qc5+ Kb8 35. Qe3 Qh8 36. Qf4+ Ka8 37. Kb3 f5 38. c5 e5 39. Qxf5 Qe8 40. Kc4 a5 41. Qf6 Qg8 42. g4 Qe8 43. Qxh6 e4 44. Qe3 Qe6+ 45. Kc3 Qf6+ 46. Kb3 Qe6+ 47. Kb2 Qf6+ 48. Kc2 exf3 49. c6 1-0